Immigration Relief Legal Assistance for Noncitizen Crime Victims /

Bibliographic Details
Main Author: Campbell, Elizabeth Anne
Other Authors: DeLia Settlage, Rachel, Thronson, Veronica
Format: eBook
Language:English
Published: Chicago: American Bar Association, 2014
Subjects:
Online Access:Acceso restringido

MARC

LEADER 00000nam a22000007a 4500
005 20210226213450.0
007 cr|||| ||||
008 210226s2014 us |||||s|||| 00||0 eng d
020 |a 978-1-62722-506-9 
035 |a 32417 
040 |a vLex 
090 |c 11298  |d 11298 
100 1 |a Campbell, Elizabeth Anne 
245 1 0 |a Immigration Relief  |h [Recurso electrn̤ico] :  |b Legal Assistance for Noncitizen Crime Victims /  |c Elizabeth Anne Campbell, Rachel DeLia Settlage, Veronica Thronson 
256 |a Servicio en ln̕ea 
260 |a Chicago:  |b American Bar Association,  |c 2014 
300 |a 1 recurso electrn̤ico 
506 1 |a Disponible solo en los productos indicados  |d vLex Global  |d vLex Global (Academic Edition, excluding Law Schools)  |d vLex Global (Academic Edition, Law Schools) 
650 0 4 |a Derecho Penal  |z Estados Unidos 
700 1 |a DeLia Settlage, Rachel 
700 1 |a Thronson, Veronica 
740 0 |a vLex Libros (Servicio en ln̕ea) 
856 4 0 |u http://vlex.com/source/immigration-relief-legal-assistance-noncitizen-crime-victims-32417  |z Acceso restringido 
942 |c BOOK 
999 0 |a Criminal law